Prinesieme vlastné značky aj vernostný program

Zmena na poste generálneho riaditeľa priniesla spoločnosti 101 Drogéria nový vietor nielen do interných procesov, ale aj smerom k zákazníkovi. V najbližšom období plánuje spoločnosť viacero zásadných noviniek.

Saved in:
Bibliographic Details
Main Author: Kapitán, Peter
Other Authors: Krajčík, Matej
Format: Book Chapter
Language:Slovak
Subjects:
Tags: Add Tag
No Tags, Be the first to tag this record!

MARC

LEADER 00000naa a2200000 4500
001 0300061
005 20240626113917.5
041 0 |a slo 
044 |a CZ 
245 1 0 |a Prinesieme vlastné značky aj vernostný program  |c Peter Kapitán, Matej Krajčík 
520 |a Zmena na poste generálneho riaditeľa priniesla spoločnosti 101 Drogéria nový vietor nielen do interných procesov, ale aj smerom k zákazníkovi. V najbližšom období plánuje spoločnosť viacero zásadných noviniek. 
610 2 0 |a tovar drogeristický 
610 2 0 |a reťazce obchodné 
610 2 0 |a programy vernostné 
610 2 0 |a rozhovor 
610 2 0 |a značky privátne 
100 1 |a Kapitán, Peter 
700 1 |a Krajčík, Matej